| 000 | 00456cam a2200193ua 4500 | ||
|---|---|---|---|
| 020 | _c80.00 | ||
| 041 |
_aeng _h |
||
| 082 |
_a532 _bKHU/TE |
||
| 100 | _aKhurmi, R S. | ||
| 245 |
_aText book of fluid mechanics / _cR S Khurmi. _hTextual Documents |
||
| 250 |
_a1 / _b. |
||
| 260 |
_aNew Delhi : _bS.Chand and Co , _c1995. |
||
| 300 | _a639 ; . | ||
| 365 | _a80.00 | ||
| 504 | _a | ||
| 942 | _cBK | ||
| 999 |
_c7467 _d7467 |
||